[Event "CEF Winter-ch Division 1"]
[Site "Fontaine l'Eveque"]
[Date "2011.01.28"]
[Round "7.2"]
[White "Barreau, Renaud"]
[Black "Lion, Maurice"]
[Result "1-0"]
[WhiteElo "1901"]
[BlackElo "1626"]
[PlyCount "59"]
[EventDate "2010.11.19"]
[EventType "tourn"]
[EventRounds "7"]
[EventCountry "BEL"]
[SourceTitle "EXT 2024"]
[Source "ChessBase"]
[SourceDate "2023.10.10"]
[SourceVersion "1"]
[SourceVersionDate "2023.10.10"]
[SourceQuality "1"]

1. d4 d5 2. Nf3 Nf6 3. Bf4 Bf5 4. e3 e6 5. Bd3 Bg6 6. 0-0 Bd6 7. Bg3 Nc6 8. c3 Ne4 9. Bxd6 Qxd6 10. Qc2 Nf6 11. Nbd2 Bxd3 12. Qxd3 h5 13. c4 dxc4 14. Nxc4 Qd5 15. Rfc1 g5 16. Nce5 Nxe5 17. Nxe5 c6 18. Rc5 Qd6 19. Qb3 Rb8 20. Nc4 Qe7 21. Rxc6 0-0 22. Rc5 Nd7 23. Rc7 Rfc8 24. Rxc8+ Rxc8 25. Nd2 Nf8 26. h3 b6 27. Qd1 h4 28. Rc1 Rxc1 29. Qxc1 f5 30. Nf3 1-0